| 000 | 00442 a2200157 4500 | ||
|---|---|---|---|
| 005 | 20250620075817.0 | ||
| 020 | _a0-13-147591-6 | ||
| 082 | _a657.0285ROM | ||
| 100 | _aRomney. M | ||
| 245 | _aAcoounting Information Systems | ||
| 250 | _a10th Ed | ||
| 260 |
_aNew york, _bLibrary of Congress Cataloging _In_Publication Data, _c2006. |
||
| 300 |
_axxiii,; 795p, ill, table, figure, _bIndex, _c28cm |
||
| 700 | _aSteinbart. P | ||
| 942 |
_2ddc _cBKS |
||
| 999 |
_c4469 _d4469 |
||